|
|
|
|
| LEADER |
01097nam a2200289 a 4500 |
| 001 |
28710 |
| 003 |
BD-DhAAL |
| 008 |
141222s2011 bg 000 1 eng |
| 020 |
|
|
|a 9847002001236
|
| 040 |
|
|
|a BD-DhAAL
|c BD-DhAAL.
|d BD-DhAAL
|
| 082 |
0 |
0 |
|a 813/.52
|2 20
|
| 100 |
1 |
|
|a Fitzgerald, F. Scott
|q (Francis Scott),
|d 1896-1940.
|9 6947
|
| 245 |
1 |
4 |
|a The great Gatsby /
|c F. Scott Fitzgerald.
|
| 250 |
|
|
|a 1st ed.
|
| 260 |
|
|
|a Dhaka :
|b Friends' Book Corner,
|c 2011.
|
| 300 |
|
|
|a lxviii, 188 p. ;
|c 20 cm.
|
| 490 |
0 |
|
|a Friends' classics.
|
| 541 |
|
|
|e 28710
|
| 650 |
|
0 |
|a Traffic accidents
|v Fiction.
|9 6948
|
| 650 |
|
0 |
|a Married women
|v Fiction.
|9 6099
|
| 650 |
|
0 |
|a First loves
|v Fiction.
|9 6100
|
| 650 |
|
0 |
|a Rich people
|v Fiction.
|9 6949
|
| 650 |
|
0 |
|a Mistresses
|v Fiction.
|9 6950
|
| 650 |
|
0 |
|a Revenge
|v Fiction.
|9 6133
|
| 942 |
|
|
|2 ddc
|c BK
|
| 999 |
|
|
|c 33338
|d 33338
|
| 952 |
|
|
|0 0
|1 0
|2 ddc
|4 0
|6 813_520000000000000_FIT
|7 0
|9 44529
|a BRACUL
|b BRACUL
|c GEN
|d 2014-12-22
|e BRAC Institute of Language (BIL)
|l 9
|m 25
|o 813.52 FIT
|p 3010028710
|r 2026-05-06
|s 2026-02-06
|t 1
|w 2014-12-22
|y BK
|x Transferred from BIL to BRACUL on 06/06/22
|